000 00689nam a22002177a 4500
005 20150916145425.0
010 _aB-506689-691 ENG-113877
020 _a9789322008086
_c250.00
035 _aB-506689-691
035 _aEN-97409
037 _adpl
_bBSB/Ven
037 _bDBAD/PUB
082 _aS
100 _aKaw, M.K.
245 _aBureaucrazy gets crazier :
_cby M.K.Kaw
_bIAS unmasked /
260 _aNew Delhi
_bKonark Publishers
_c2012
270 _a206, First Floor, Peacock Lane, Shahpur Jat
_bNew Delhi
_e110049
300 _axvii,196p.
_c22cm(Hb)
942 _2ddc
_cEN
_hS
_mKAW
999 _c83617
_d83617